000 00700nam a2200217 i 4500
001 179966
003 ES-MaACL
005 20230927183537.0
008 120307s2001 sp |||| | spa d
020 _a84-95192-78-0
080 _a821.134.2-14"19"
100 1 _aAbellán, José María,
_d1949-
_9226571
245 1 0 _aCuenca, la razón del mito /
_cJosé María Abellán.
260 _aCuenca :
_bDiputación Provincial de Cuenca,
_c[2001]
300 _a93 p. ;
_c21 cm.
490 1 _aCreación literaria ;
_v21
830 0 _aCreación literaria ;
_v21
_9178462
852 _aES-MaACL
_jA-12017
_9186873
_bR.146813
_cDEPO1
_dOlim: N-5022
942 _2udc
_cMONOGRAFIA
999 _c179966
_d179966